| 000 | 00807 a2200241 4500 | ||
|---|---|---|---|
| 003 | OSt | ||
| 005 | 20180116192352.0 | ||
| 008 | 120531t xxu||||| |||| 00| 0 eng d | ||
| 010 | _a 2007935192 | ||
| 020 | _a9781934493045 | ||
| 040 | _c0 | ||
| 082 | _a720.1 | ||
| 100 | 1 |
_aPottmann, Helmut. _93159 |
|
| 245 | 1 | 0 |
_aArchitectural geometry / _cHelmut Pottmann, Andreas Asperl, Michael Hofer ; [edited by] Daril Bentley. |
| 250 | _a1st ed. | ||
| 260 |
_aExton, PA : _bBentley Institute Press, _c2007. |
||
| 300 |
_a724 p. : _bill. ; _c28cm. |
||
| 650 | 1 | 0 |
_aArchitectural design _93160 |
| 650 | 1 | 0 |
_aGeometry in architecture _93161 |
| 650 | 1 | 0 |
_aArchitecture _xComposition, proportion, etc. _93162 |
| 942 |
_aSADA _cBK _k720.1 POT 2007 _2ddc |
||
| 999 |
_c352982 _d352982 |
||